Dibujos de arquitectura 1968-1976
| Main Author: | |
|---|---|
| Format: | Section = Libro |
| Language: | Undetermined Spanish |
| Published: |
Barcelona
Gustavo Gili
1980
|
| Edition: | 2a.ed. |
| Subjects: |
| LEADER | 00594nam a2200217Ia 4500 | ||
|---|---|---|---|
| 008 | 240829s9999 xx 000 0 und d | ||
| 020 | |a 84-252-0675-8 | ||
| 040 | |a BIBLIOTECA-RUSB/ 720.28 J17 | ||
| 041 | |a spa | ||
| 082 | |a 720.28 J17 | ||
| 100 | 1 | |a Jacoby, Helmut | |
| 245 | 1 | 0 | |a Dibujos de arquitectura 1968-1976 |
| 250 | |a 2a.ed. | ||
| 260 | |a Barcelona |b Gustavo Gili |c 1980 | ||
| 300 | |a p. irreg. :il. | ||
| 650 | 7 | |a DIBUJO ARQUITECTONICO | |
| 650 | 7 | |b ARQUITECTURA-DISEÑOS Y PLANOS | |
| 650 | 7 | |c DECORACION Y ORNAMENTACION ARQUITECTONICA | |
| 942 | |c BK |2 ddc | ||
| 991 | |a TEXTO | ||
| 999 | |c 4995 | ||